Central Library OPAC University of Rajshahi

حصن حصين مع ترجمه و شرح قول متين hisn husayn mae tarjamih w sharh qawl matin / (Record no. 80981)

MARC details
000 -LEADER
fixed length control field 00763nam a2200205 a 4500
001 - CONTROL NUMBER
control field 80981
003 - CONTROL NUMBER IDENTIFIER
rucl marc code BD-RjUL
005 - DATE AND TIME OF LATEST TRANSACTION
control field 20221218143442.0
008 - FIXED-LENGTH DATA ELEMENTS--GENERAL INFORMATION
fixed length control field 22 s1957 pk 000 0 ara d
035 ## - SYSTEM CONTROL NUMBER
System control number (BD-RjUL)80981
040 ## - CATALOGING SOURCE
Original cataloging agency UkOxU
Transcribing agency UkOxU
Language of cataloging eng
041 ## - LANGUAGE CODE
Language code of text/sound track or separate title eng
082 ## - DEWEY DECIMAL CLASSIFICATION NUMBER
Edition number 23
Classification number 297.5
Author mark and year NAH 1957
100 1# - MAIN ENTRY--PERSONAL NAME
Personal name Nadwi, Mohamed Abdel-Aleem ندوي, محمد عبد العليم
Dates associated with a name 1350-1429.
9 (RLIN) 6347
245 13 - TITLE STATEMENT
Title حصن حصين مع ترجمه و شرح قول متين hisn husayn mae tarjamih w sharh qawl matin /
Statement of responsibility, etc. Mohamed Abdel Aleem Nadwi محمد عبد العليم ندوي
260 ## - PUBLICATION, DISTRIBUTION, ETC. (IMPRINT)
Place of publication, distribution, etc. Karachi :
Name of publisher, distributor, etc. Nur muhammad asih al mutabii,
300 ## - PHYSICAL DESCRIPTION
Pagination 466 p. ;
Size 33 cm.
650 #0 - SUBJECT ADDED ENTRY--TOPICAL TERM
Topical term or geographic name as entry element Islam
Form subdivision Prayers and devotions.
9 (RLIN) 405
942 ## - ADDED ENTRY ELEMENTS (KOHA)
Source of classification or shelving scheme Dewey Decimal Classification
Koha item type Books
Holdings
Lost status Source of classification or shelving scheme Damaged status Not for loan Collection code Permanent Location Current Location Shelving location Date acquired Source of acquisition Cost, normal purchase price Total Checkouts Full call number Date last seen Copy number Koha item type
  Dewey Decimal Classification   Not For Loan Non-fiction Central Library, University of Rajshahi Central Library, University of Rajshahi Reading Room 17/10/1973 Quan manjil, Rajshahi 25.00   U 297.5 NAH 1957 18/12/2022 C-1 Books